000 00977nam a2200265Ia 4500
003 OSt
005 20221005112508.0
006 a|||||r|||| 00| 0
007 ta
008 221004b |||||||| |||| 00| 0 pan d
020 _a9789383437344 (hbk)
_cINR 375.00
024 _a38476
037 _b1021, 06/03/2018, H.K. Prakashan
_cTextual
040 _aCRL
_cCRL
_bpan
041 _2pan
_apan
082 _aO153,6x, Q7
100 _aਸਿੰਘ, ਗਿਆਨੀ ਗੁਰਦੇਵ, ਂਚ.
245 0 _aਭੁੱਲੇ ਵਿਸਰੇ ਸੁਕ॥ ਸਿਤਾਰੇ
260 _aਚੰਡੀਗੜ
_bਲੋਕਗੀਤ ਪ੍ਰਕਾFਨ ਭਾਰਤ
_c2017
300 _a235ਪ0
_ccm.
650 _a ਪੰਜਾਬੀ ਨਿਬੰਧ
650 _aਪੰਜਾਬੀ ਸਾਹਿਤ
942 _hO153,6x, Q7
_cTEXL
_2cc
999 _c1025058
_d1025058